Účinnosť antidiskriminačného zákona v riadení ľudí diplomová práca

Gespeichert in:
Bibliographische Detailangaben
1. Verfasser: Hajšo, Roman
Körperschaft: Fakulta podnikového manažmentu EU. Katedra manažmentu
Weitere Verfasser: Gálik, Rudolf
Format: Buch
Sprache:Slowakisch
Veröffentlicht: Bratislava 2013
Tags: Tag hinzufügen
Keine Tags, Fügen Sie das erste Tag hinzu!

MARC

LEADER 00000nbm a2200000 4500
001 0170900
005 20161109102417.3
041 0 |a slo 
044 |a SK 
245 1 0 |a Účinnosť antidiskriminačného zákona v riadení ľudí  |b diplomová práca  |c Roman Hajšo ; školiteľ: Rudolf Gálik 
264 1 |a Bratislava  |c 2013 
300 |a 69 s. 
100 1 |a Hajšo, Roman 
700 1 |a Gálik, Rudolf 
710 2 |a Fakulta podnikového manažmentu EU. Katedra manažmentu